| 000 | 00391nam a2200157Ia 4500 | ||
|---|---|---|---|
| 003 | STCL | ||
| 008 | 181203s9999 xx 000 0 und d | ||
| 020 | _a9788184870169 | ||
| 040 |
_aSTCL _bEN _cSTCL |
||
| 082 | _222 | ||
| 100 | _aNanda, S.; Das, N.R. | ||
| 245 | 0 | _aFuzzy Mathematical Concepts | |
| 260 |
_bNarosa Publishing House _aNew Delhi _c2012 |
||
| 546 | _aEnglish | ||
| 942 |
_2ddc _cBK |
||
| 999 |
_c85025 _d85025 |
||